| 000 | 00623nam a2200169 a 4500 | ||
|---|---|---|---|
| 005 | 20240803063709.0 | ||
| 008 | 991125s1888 mx 000 0 spa u | ||
| 035 | _aUPN01000008455 | ||
| 049 | _aCE | ||
| 050 | 4 |
_aPC2115 _bV5.2 1888 |
|
| 100 | 1 | _aVingut, Francisco Javier | |
| 245 | 1 | 0 |
_aClave de los ejercicios del nuevo método teórico y práctico para aprender facilmente a leer, escribir, traducir y hablar la lengua francesa, según el método de Ollendorff / _cFrancisco Javier Vingut. |
| 260 |
_aMéxico : _bImpr. Aguilar, _c1888. |
||
| 300 | _a95 p. | ||
| 650 | 4 |
_aFrancés _vLibros de lectura _91691 |
|
| 905 | _aLibro | ||
| 999 |
_c8455 _d8455 |
||